Nielsen theory and dynamical systems : AMS-SIAM Summer Research Conference on Nielsen Theory and Dynamical Systems June 20-26, 1992, supported by the National Science Foundation

Αποθηκεύτηκε σε:
Λεπτομέρειες βιβλιογραφικής εγγραφής
Συγγραφή απο Οργανισμό/Αρχή: AMS-IMS-SIAM Summer Research Conference on Nielsen Theory and Dynamical Systems Mt. Holyoke College
Άλλοι συγγραφείς: McCord, Christopher Keil (Επιμελητής έκδοσης)
Μορφή: Πρακτικό Συνεδρίου Βιβλίο
Γλώσσα:English
Δημοσίευση: Providence, R.I. : American Mathematical Society, c1993.
Σειρά:Contemporary mathematics (American Mathematical Society) ; 152
Θέματα:
Ετικέτες: Προσθήκη ετικέτας
Δεν υπάρχουν, Καταχωρήστε ετικέτα πρώτοι!

MARC

LEADER 00000cam a2200000 i 4500
001 1/76099
008 990401s1993 riu| ||| |||| ||eng||
020 |a 0821851810 
035 |l 10049512 
040 |a GR-MyUa  |b gre  |e AACR2 
041 0 |a eng 
082 7 |a 514   |2 (22) 
111 2 |a AMS-IMS-SIAM Summer Research Conference on Nielsen Theory and Dynamical Systems   |d (1992 :   |c Mt. Holyoke College) 
245 1 0 |a Nielsen theory and dynamical systems :   |b AMS-SIAM Summer Research Conference on Nielsen Theory and Dynamical Systems June 20-26, 1992, supported by the National Science Foundation /   |c Christopher K. McCord editor. 
260 |a Providence, R.I. :   |b American Mathematical Society,   |c c1993. 
300 |a xii, 350 σ. :   |b εικ. ;   |c 26 εκ. 
490 1 |a (Contemporary mathematics ;   |v 152) 
500 |a Περιλαμβάνει βιβλιογραφικές παραπομπές. 
650 0 |a Topological dynamics  |x Congresses. 
650 0 |a Fixed point theory  |x Congresses. 
700 0 |a McCord, Christopher Keil,  |e edt 
830 0 |a Contemporary mathematics (American Mathematical Society) ;  |v 152 
852 |a INST  |b SAMOS  |e 19990401  |h 514 AMS  |p 005300012954  |q 005300012954  |t BK  |y 0 
901 |a BIBL-1999-1 
922 |a 3ΕΛΗ  |b 199901  |c ΚΠΣ  |d GLORY